000 00272nam a22001337a 4500
003 SGT
082 _a341.48,VER
100 _aVERMA,R.S
245 _aHUMAN RIGHTS
260 _aDELHI
_bINDIAN PUBLICATION
_c2000
300 _a632
650 _aHUMAN RIGHTS
942 _2ddc
_cBK
999 _c9686
_d9686